000 00519nam a22001937a 4500
003 KOHA_MİRAKIL
005 20251125123414.0
008 251125b tu ||||| |||| 00| 0 tur d
020 _a9786254192401
040 _aTR-AnABB
_btur
_cTR-AnABB
041 _atur
082 _a891.7344
_bKAZ 2022
100 1 _aKazantsev, A.,
245 1 0 _aMars torunları /
_cA. Kazantsev
260 _aAnkara :
_bDorlion Yayınları,
300 _a200 sayfa ;
_c21 cm
650 0 4 _aRus edebiyatı, roman
942 _2ddc
_cBK
999 _c9632
_d9632
900 _bGizem YORULMAZ